02029agaaa2200289 45000010005000000030009000050050017000140070009000310080040000400400023000800410013001031000052001161300032001682450132002002500022003322600103003543000033004575080080004905200798005705380016013685460013013846500075013977000069014727000064015417000064016057000070016694687IT-RoPAU20220918181256.0d cvaizq50131s9999||||xx ||| | || ||und|| aIT-RoPAUcIT-RoPAU aITALIANO aDi Diodato RobertogCodice regista SPICS: 55765 aGALILEA DEL Iø SECOLO (LA) aGALILEA DEL I° SECOLO (LA)cDiretto da: Di Diodato RobertopGALILEA DEL I° SECOLO (LA) (Rif. Codice opera principale : H4687) aEdizione Standard aMILANO (ITALIA)bTELENOVA - SAT2000 - ITA 2003 / g"2003 (1° ed.: 2004 ; Ed. Lingua Orig.: n.d.)" aVHSbsonoro, col.c55 minuti a"Montaggio: Alba Maurizio; Soggetto: Borgonovo Gianantonio -- Gironi Primo" a"PRIMA DELLE TRE VIDEOCASSETTE DELLA COLLANA IL CAMMINO DI DIO CON L'UOMO. E' LA PIU' RECENTE E APPROFONDITA INDAGINE SULLE PAGINE PIU' DIFFICILI E MENO CONOSCIUTE DELL'ANTICO TESTAMENTO. UNA SPECIE DI GRANDE QUARK CHE INTENDE AVVICINARE LA GENTE ALLA PAROLA DI DIO PER FARNE SCOPRIRE IL FASCINO ETERNO E MISTERIOSO. LE IMMAGINI SONO STATE GIRATE NEI LUOGHI PIU' IMPORTANTI ENEI SITI ARCHEOLOGICI PIU' ANTICHI E SUGGESTIVI DEL VICINO ANTICO ORIENTE.IN QUESTA VIDEOCASSETTA: LA SITUAZIONE GEOPOLITICA DELLA GALILEA; LE CONDIZIONI SOCIO-ECONOMICHE DELLA REGIONE; ERODE E I ROMANI; LO STORICO GIUSEPPEFLAVIO; I RAPPORTI FRA GALILEA E GIUDEA; LA SINAGOGA DI BEIT ALFA; GLI SPLENDORI DI TIBERIADE, BET SHEAN, CESAREA MARITTIMA, SEPPHORIS; IL TERRENO DELLE RIVOLTE GALILAICHE; LE RIVOLTE GIUDAICHE." aPAL, STEREO aITALIANO aDOCUMENTARIOeTV-PROGRAMMI RELIGIOSI [VHS]xCodice MATERIA SPICS: 9963 aBorgonovo Gianantonio e(soggetto)gCodice Soggetto SPICS: 57465 aDi Diodato Roberto e(regista)gCodice regista SPICS: 55765 aGironi Primo e(soggetto)gCodice Soggetto 2° SPICS: 34827 aGiuliani Stefaniae(regista)gCodice secondo regista SPICS: 57464